000 00488nam a2200193 a 4500
001 1766566529885
003 YourLibrary
005 20251226115026.0
008 251224s2005##################000#0#eng##
020 _a9780060750558
082 0 4 _a248.2
_bMAY
100 1 _aMay, Gerald G.,
_eauthor.
245 1 0 _aThe Dark Night of the Soul :
260 _bHarperOne,
_c2005.
300 _a224 pages
650 0 _aReligion.
942 _cENGLISH
040 _aYourLibrary
_beng
_cYourLibrary
999 _c604875
_d604875